Normal view
MARC view
- Stanley, Steven M
Entry Personal Name
001 - CONTROL NUMBER
- control field: 100118
003 - CONTROL NUMBER IDENTIFIER
- control field: NUST
005 - DATE AND TIME OF LATEST TRANSACTION
- control field: 20221013121233.0
008 - FIXED-LENGTH DATA ELEMENTS
- fixed length control field: 221013|| aca||aabn | a|a d
040 ## - CATALOGING SOURCE
- Original cataloging agency: NUST
- Transcribing agency: NUST
100 ## - HEADING--PERSONAL NAME
- Personal name: Stanley, Steven M
670 ## - SOURCE DATA FOUND
- Source citation: Work cat.: (NUST)176967: M. Raup, David 100115, Principles of paleontology /, c2004.
